000 00248nam a22001097a 4500
082 _a615.1 COO'S
100 _aCOOLEY, D. G
_959479
245 _aTHE SCIENCE BOOK OF WONDER DRUGS
260 _aNEWYORK
_bPOCKET
_c1954
300 _a247P
942 _cBK
999 _c569448
_d569448